"Prístupnosť" služieb pre klientov so zdravotnými obmedzeniami a limitmi mobility v cestovnom ruchu diplomová práca

Guardado en:
Detalles Bibliográficos
Autor principal: Szüllőová, Viktória
Autor Corporativo: Obchodná fakulta EU. Katedra služieb a cestovného ruchu - zrušené
Otros Autores: Šuterová, Viola, 1957-
Formato: Libro
Lenguaje:eslovaco
Publicado: Bratislava 2018
Etiquetas: Agregar Etiqueta
Sin Etiquetas, Sea el primero en etiquetar este registro!

MARC

LEADER 00000nbm a2200000 4500
001 0243441
005 20180904143554.2
041 0 |a slo 
044 |a SK 
245 1 0 |a "Prístupnosť" služieb pre klientov so zdravotnými obmedzeniami a limitmi mobility v cestovnom ruchu  |b diplomová práca  |c Viktória Szüllőová ; školiteľ: Viola Šuterová 
264 1 |a Bratislava  |c 2018 
300 |a 63 s. 
100 1 |a Szüllőová, Viktória 
700 1 |a Šuterová, Viola, 1957- 
710 2 |a Obchodná fakulta EU. Katedra služieb a cestovného ruchu - zrušené